| 000 | 01605cam a2200385 i 4500 | ||
|---|---|---|---|
| 999 |
_c61274 _d61274 |
||
| 001 | 20490836 | ||
| 005 | 20240124113611.0 | ||
| 008 | 180510r20181960nyua 001 0 eng | ||
| 010 | _a 2018022377 | ||
| 020 | _a9780486828091 (pbk.) X | ||
| 020 | _a0486828093 (pbk.) X | ||
| 040 |
_aDLC _beng _cDLC _erda _dDLC |
||
| 041 | 1 |
_aeng _hpol |
|
| 042 | _apcc | ||
| 050 | 0 | 0 |
_aQA681 _b.B633 2018 |
| 080 | _a514.144 B-78 | ||
| 100 | 1 |
_aBorsuk, Karol, _eauthor. _921103 |
|
| 240 | 1 | 0 |
_aPodstawy geometrii. _lEnglish |
| 245 | 1 | 0 |
_aFoundations of geometry : _bEuclidean and Bolyai-Lobachevskian geometry : projective geometry / _cby Karol Borsuk and Wanda Szmielew ; translated by Erwin Marquit. |
| 250 | _aDover edition. | ||
| 264 | 1 |
_aMineola, New York : _bDover Publications, Inc., _c2018. |
|
| 300 |
_axiv, 444 pages : _billustrations ; _c23 cm. |
||
| 490 | 0 | _aDover books on mathematics | |
| 500 | _aIncludes indexes. | ||
| 500 | _aOriginally published: Amsterdam : North-Holland Publishing Co. ; New York : Interscience Publishers, 1960. | ||
| 546 | _aIn English; translated from Polish. | ||
| 650 | 0 |
_aGeometry _xFoundations. _921104 |
|
| 653 | _aგეომეტრიის საფუძვლები | ||
| 653 | _aპროექციული გეომეტრია | ||
| 700 | 1 |
_aSzmielew, Wanda, _eauthor. _921105 |
|
| 700 | 1 |
_aMARQUIT, ERWIN _eმთარგმნელი _921106 |
|
| 906 |
_a7 _bcbc _corignew _d1 _eecip _f20 _gy-gencatlg |
||
| 942 |
_2udc _cᲬᲘᲒᲜᲘ |
||
| 955 |
_brl03 2018-05-10 _irl03 2018-05-10 to Dewey _axn13 2018-11-05 1 copy rec'd., to CIP ver. |
||